000 04206nab a2200289 i 4500
003 BR-BrBNA
005 20231204105010.0
008 231204b2021 bl.qr|pooa||| 00| 0 eng |
040 _aBR-BrBNA
_beng
072 _aK10
_b3100
100 _aSilva, Patrícia Cândido da Cruz
100 _aPaula, Rinaldo Cesar de
100 _aValdovinos, Tamara Mariel
100 _aAraújo, Márcio José de
245 _aQuality of Handroanthus serratifolius (Vahl) S. O. Grose seeds evaluated by the electrical conductivity test
500 _a Publicação on-line; 25 ref.; 4 tables; 3 illus.; Summaries (En, Pt)
520 _a ABSTRACT - The electrical conductivity test (EC) used to evaluate seed vigor is directly related to the integrity of cell membranes, but its use in forest species is still restricted. Thus, the objective of this study is to analyze the effi ciency of the EC test to evaluate physiological parameters regarding seed quality and the genetic variability among Handroanthus serratifolius mother trees. Seeds from 15 mother trees were evaluated for germination (G%) and germination speed index (GSI). In the EC test, the seeds were imbibed in two water volumes (75 and 100 mL) at 20 and 25 °C, and the electrical conductivity was measured after fi ve imbibition periods (24, 48, 72, 96, and 120 h). The germination test data were submitted to a randomized block design (RBD) analysis of variance and means were compared by the Scott-Knott test. The EC test was conducted as an RBD in a split-split plot scheme, with interaction unfolding by polynomial regression analysis. The mother trees were divided into four groups regarding G% and SGI. The EC test separated the mother trees into a larger number of groups, regardless of temperature, volume, and imbibition period. In conclusion, the EC test consisting of imbibition 25 seeds in 75 mL of deionized water at 20 °C for 48 h is suitable for evaluating the physiological quality of seeds and the variability among mother trees of Handroanthus serratifolius (Vahl) S. O. Grose. Key words: Vigor. Leaching. Vigor test.
520 _a RESUMO - O teste de condutividade elétrica (CE) na avaliação do vigor das sementes relaciona-se diretamente com a integridade das membranas celulares e seu uso em espécies florestais é, ainda, restrito. Assim, objetivou-se analisar a eficiência desse teste na avaliação da qualidade fisiológica de sementes e da variabilidade entre árvores matrizes de Handroanthus serratifolius. Sementes de 15 matrizes foram avaliadas quanto à germinação (G%) e ao índice de velocidade de germinação (IVG). No teste de CE foram estudados dois volumes de água (75 e 100 mL) e cinco períodos de embebição (24, 48, 72, 96 e 120 h) das sementes, a 20 e 25 °C. Os dados do teste de germinação foram submetidos à análise de variância em delineamento de blocos casualizados (DBC), seguido de comparação de médias pelo teste de Scott-Knott, e os do teste de CE foram analisados em DBC em esquema de parcelas sub-subdivididas, com desdobramento da interação por análise de regressão polinomial. As matrizes foram divididas em quatro grupos quanto a G% e IVG. O teste de condutividade elétrica separou as matrizes em maior número de grupos, independentemente da temperatura, volume e período de embebição. O teste de CE conduzido a 20 °C, com 25 sementes embebidas em 75 mL de água desionizada por 48 h é adequado para a avaliação da qualidade fisiológica de sementes e da variabilidade entre matrizes de Handroanthus serratifolius (Vahl) S. O. Grose. Palavras-chave: Vigor. Lixiviação. Teste de vigor.
650 _aESSÊNCIA FLORESTAL
650 _aIPÊ AMARELO
650 _aTESTE DE SEMENTES
650 _aCONDUTIVIDADE ELÉTRICA
773 0 _04290
_9102271
_dFortaleza-CE Universidade Federal do Ceará. Centro de Ciências Agrárias 2002
_o2023-436724
_tRevista Ciência Agronômica (Brazil)
_x0045-6888; 1806-6690 (on-line)
_gv. 52(3) p. 1-10; (2021)
_wBR2023002118
856 _uhttps://www.scielo.br/j/rca/a/vVMPw5ZMvjFmgKzPPkk7vDc/?format=pdf&lang=en
942 _cAnalítica
999 _c86911
_d86911